Catálogo
 En Linea

Código civil 1982 : (Registro nro. 25066)

Detalles MARC
000 -CABECERA
campo de control de longitud fija 00457nam a2200157 a 4500
001 - NÚMERO DE CONTROL
campo de control 000025574
005 - FECHA Y HORA DE LA ÚLTIMA TRANSACCIÓN
campo de control 20200930023904.0
008 - DATOS DE LONGITUD FIJA--INFORMACIÓN GENERAL
campo de control de longitud fija 110217s1982 ve r 000 0 spa d
040 ## - FUENTE DE LA CATALOGACIÓN
Centro catalogador/agencia de origen DO-SdBNP
Lengua de catalogación spa
Centro/agencia transcriptor BNPHU
082 ## - NÚMERO DE LA CLASIFICACIÓN DECIMAL DEWEY
Número de clasificación xxxxx
Número de documento/Ítem V458c
049 ## - FONDOS LOCALES (OCLC)
Fondos de biblioteca BNGR
110 1# - ENTRADA PRINCIPAL--NOMBRE DE ENTIDAD CORPORATIVA
Nombre de entidad corporativa o nombre de jurisdicción como elemento de entrada Venezuela,
Unidad subordinada Ministerio de Justicia.
9 (RLIN) 3835
245 10 - MENCIÓN DE TÍTULO
Título Código civil 1982 :
Resto del título edición oficial.
260 ## - PUBLICACIÓN, DISTRIBUCIÓN, ETC.
Lugar de publicación, distribución, etc. Caracas, Venezuela :
Nombre del editor, distribuidor, etc. Imprenta Nacional,
Fecha de publicación, distribución, etc. 1982.
300 ## - DESCRIPCIÓN FÍSICA
Extensión 485 p. ;
Dimensiones 16 cm.
Existencias
Estado de retiro Estado de pérdida Restricciones de uso No para préstamo Código de colección Localización permanente Ubicación/localización actual Ubicación en estantería Fecha de adquisición Número de inventario Total de préstamos Signatura topográfica completa Código de barras Fecha visto por última vez Precio válido a partir de Tipo de ítem Koha
        Monografías: Libros y Folletos General General En catalogación 17.02.2011 LF1   xxxxx V458c 25574-10 25.06.2020 25.06.2020 Préstamo en sala

Con tecnología Koha